000 00360nam a2200133Ia 4500
008 240624s9999 xx 000 0 und d
041 _aeng
082 _a158 GEL
100 _aGELDARD KATHRYN
245 _aRELATIONSHIP COUNSELLING FOR CHILDREN YO
260 _c2009
_aNew Delhi
_bSage Publications
300 _aviii, : 262 : p. : cm. ; 23
365 _cBPS
_b30
999 _c12958
_d12958